[Event "SVK-ch Seniors-B"]
[Site "Tatranske Matliare"]
[Date "2010.06.??"]
[Round "5"]
[White "Latal, Stanislav"]
[Black "Liska, Jaroslav"]
[Result "1-0"]
[WhiteElo "1797"]
[BlackElo "2020"]
[PlyCount "103"]
[EventDate "2010.06.06"]
[EventType "swiss"]
[EventRounds "9"]
[EventCountry "SVK"]
[SourceTitle "EXT 2023"]
[Source "ChessBase"]
[SourceDate "2022.10.05"]
[SourceVersion "1"]
[SourceVersionDate "2022.10.05"]
[SourceQuality "1"]

1. e4 e5 2. Nf3 Nc6 3. Bb5 d6 4. 0-0 Bd7 5. c3 Nf6 6. Re1 Be7 7. h3 a6 8. Ba4 0-0 9. d4 exd4 10. cxd4 b5 11. Bc2 Nb4 12. Bb3 a5 13. a3 Nc6 14. Nc3 b4 15. Nd5 Nxd5 16. Bxd5 Rb8 17. Bxc6 Bxc6 18. axb4 axb4 19. b3 Bf6 20. Bb2 Re8 21. Qc2 Bb5 22. d5 Bd3 23. Qxd3 Bxb2 24. Ra4 Bc3 25. Re2 Ra8 26. Rxa8 Qxa8 27. Qc4 Qa7 28. g3 h6 29. Kg2 g6 30. Ne1 Qd4 31. Qxd4 Bxd4 32. Nd3 Bc3 33. Nc1 Ra8 34. Ra2 Rxa2 35. Nxa2 Kg7 36. f4 g5 37. Kf3 Kg6 38. Nxc3 bxc3 39. Ke3 gxf4+ 40. gxf4 f6 41. b4 Kh5 42. b5 Kh4 43. e5 dxe5 44. fxe5 f5 45. d6 f4+ 46. Kd3 cxd6 47. exd6 c2 48. Kxc2 f3 49. d7 f2 50. d8Q+ Kxh3 51. Qd3+ Kg2 52. Qg6+ 1-0

[Event "SVK-ch Seniors-B"]
[Site "Tatranske Matliare"]
[Date "2010.06.??"]
[Round "8"]
[White "Latal, Stanislav"]
[Black "Tomanek, Rafael"]
[Result "1/2-1/2"]
[WhiteElo "1797"]
[BlackElo "1916"]
[PlyCount "55"]
[EventDate "2010.06.06"]
[EventType "swiss"]
[EventRounds "9"]
[EventCountry "SVK"]
[SourceTitle "EXT 2023"]
[Source "ChessBase"]
[SourceDate "2022.10.05"]
[SourceVersion "1"]
[SourceVersionDate "2022.10.05"]
[SourceQuality "1"]

1. e4 c6 2. d4 d5 3. e5 Bf5 4. Bd3 Bxd3 5. Qxd3 e6 6. Nf3 Qa5+ 7. c3 Qa6 8. Qxa6 Nxa6 9. 0-0 Ne7 10. Na3 Nf5 11. Nc2 h5 12. Bg5 Be7 13. Ne3 g6 14. Nxf5 gxf5 15. h4 Kd7 16. Rae1 Nc7 17. Bxe7 Kxe7 18. Ng5 a5 19. f4 b5 20. Re2 Na6 21. Rb1 Rhg8 22. b4 a4 23. Kh2 Nc7 24. Re3 Rg7 25. Rbe1 Rag8 26. R1e2 Kf8 27. a3 Ke7 28. Ra2 1/2-1/2

[Event "SVK-ch Seniors-B"]
[Site "Tatranske Matliare"]
[Date "2010.06.??"]
[Round "6"]
[White "Mikulas, Dusan"]
[Black "Latal, Stanislav"]
[Result "1-0"]
[WhiteElo "2163"]
[BlackElo "1797"]
[PlyCount "25"]
[EventDate "2010.06.06"]
[EventType "swiss"]
[EventRounds "9"]
[EventCountry "SVK"]
[SourceTitle "EXT 2023"]
[Source "ChessBase"]
[SourceDate "2022.10.05"]
[SourceVersion "1"]
[SourceVersionDate "2022.10.05"]
[SourceQuality "1"]

1. e4 c5 2. Nf3 Nc6 3. d4 cxd4 4. Nxd4 d6 5. Nc3 Nf6 6. f4 Bd7 7. Nf3 g6 8. Bd3 Bg7 9. 0-0 Qb6+ 10. Kh1 Ng4 11. Nd5 Nf2+ 12. Rxf2 Qxf2 13. Be3 1-0

[Event "SVK-ch Seniors-B"]
[Site "Tatranske Matliare"]
[Date "2010.06.??"]
[Round "4"]
[White "Szitkey, Milan"]
[Black "Latal, Stanislav"]
[Result "1-0"]
[WhiteElo "2141"]
[BlackElo "1797"]
[PlyCount "57"]
[EventDate "2010.06.06"]
[EventType "swiss"]
[EventRounds "9"]
[EventCountry "SVK"]
[SourceTitle "EXT 2023"]
[Source "ChessBase"]
[SourceDate "2022.10.05"]
[SourceVersion "1"]
[SourceVersionDate "2022.10.05"]
[SourceQuality "1"]

1. e4 e5 2. Nf3 Nc6 3. Bb5 d6 4. d3 a6 5. Ba4 Be7 6. c3 Nf6 7. h3 0-0 8. 0-0 h6 9. Re1 b5 10. Bb3 Be6 11. Nbd2 Qd7 12. Nf1 Bxb3 13. axb3 Rfe8 14. c4 b4 15. Ne3 Bf8 16. Bd2 a5 17. Ra4 Ra6 18. Nd5 Rea8 19. Nxf6+ gxf6 20. Nh4 Nd4 21. Be3 c5 22. Bxd4 cxd4 23. Nf5 Kh7 24. Qg4 Rb8 25. Rf1 Ra7 26. f4 Rc8 27. Rf3 exf4 28. Rxf4 Rc5 29. Rf3 1-0